Infinity Stone Quiz - Statistics

General Stats
  • This quiz has been taken 38 times
  • The average score is 13 of 21
Answer Stats
Question Answer % Correct
What is the YELLOW Infinity Stone called? the Mind Stone
100%
What is the GREEN Infinity Stone called? the Time Stone
97%
What is the ORANGE Infinity Stone called? the Soul Stone
94%
What is the BLUE Infinity Stone called? the Space Stone
94%
What is the PURPLE Infinity Stone called? the Power Stone
91%
Which item contained the Time Stone? The Eye of Agamotto
82%
What is the RED Infinity Stone called? the Reality Stone
82%
Which item contained the Space Stone? The Tesseract
82%
Which planet was the Soul Stone on? Vormir
79%
Which item contained the Mind Stone? Loki‘s Scepter
71%
Which Infinity Stone was contained in Vision‘s head? the Mind Stone
71%
Which item contained the Power Stone? The Orb
71%
Which Infinity Stone gave Wanda & Pietro their powers in the MCU? the Mind Stone
53%
True or False - Infinity Stones only work in the universe which they originate from. True
44%
What was the Power Stone‘s original color in the comicbooks? Red
41%
What was the Mind Stone‘s original color in the comicbooks? Blue
35%
What was the Space Stone‘s original color in the comicbooks? Purple
35%
What was the Time Stone‘s original color in the comicbooks? Orange
26%
What was the Soul Stone‘s original color in the comicbooks? Green
21%
What were the Infinity Stones originally called in the comicbooks? the Soul Gems
21%
What was the Reality Stone‘s original color in the comicbooks? Yellow
21%
No matching quizzes found
Score Distribution
Percent of People with Each Score
Percentile by Number Answered
Your Score History
You have not taken this quiz